Animal Crossing New Horizons Sea Creatures - Statistics

General Stats
  • This quiz has been taken 75 times
  • The average score is 22 of 40
Answer Stats
Sea Creature Names % Correct
Seaweed
84%
Octopus
78%
Oyster
78%
Lobster
76%
Scallop
73%
Sea Anemone
73%
Spider Crab
73%
Sea Star
67%
Mantis Shrimp
64%
Snow Crab
64%
Pearl Oyster
62%
Sea Pig
62%
Acorn Barnacle
60%
Sweet Shrimp
60%
Venus' Flower Basket
58%
Sea Grapes
56%
Vampire Squid
56%
Dungeness Crab
53%
Mussel
53%
Abalone
51%
Red King Crab
51%
Sea Cucumber
51%
Sea Slug
51%
Whelk
51%
Sea Urchin
49%
Gigas Giant Clam
47%
Sea Pineapple
47%
Spotted Garden Eel
47%
Umbrella Octopus
47%
Turban Shell
44%
Giant Isopod
42%
Spiny Lobster
42%
Firefly Squid
40%
Moon Jellyfish
40%
Gazami Crab
38%
Chambered Nautilus
36%
Tiger Prawn
36%
Horseshoe Crab
33%
Flatworm
29%
Slate Pencil Urchin
29%
No matching quizzes found
Score Distribution
Percent of People with Each Score
Percentile by Number Answered
Your Score History
You have not taken this quiz